[Event "Pavlodar op"]
[Site "Pavlodar"]
[Date "2010.12.07"]
[Round "8"]
[White "Tilessov, Danat"]
[Black "Vikhrenko, K."]
[Result "1-0"]
[WhiteElo "1706"]
[BlackElo "1817"]
[PlyCount "69"]
[EventDate "2010.11.30"]
[EventType "swiss"]
[EventRounds "10"]
[EventCountry "KAZ"]
[SourceTitle "EXT 2012"]
[Source "ChessBase"]
[SourceDate "2011.11.24"]
[SourceVersion "1"]
[SourceVersionDate "2011.11.24"]
[SourceQuality "1"]

1. e4 e6 2. Nf3 d5 3. Nc3 d4 4. Ne2 c5 5. c3 Nc6 6. cxd4 cxd4 7. Qa4 e5 8. Nxe5 Bd7 9. Nxc6 Bxc6 10. Qxd4 Qxd4 11. Nxd4 Bxe4 12. Bb5+ Kd8 13. 0-0 Bc5 14. Nb3 Bb6 15. d4 Ne7 16. Bg5 f6 17. Bf4 Nd5 18. Bg3 Bc2 19. Nc5 Bxc5 20. dxc5 a6 21. Bc4 Nb4 22. a3 Nc6 23. Rac1 Bf5 24. Rcd1+ Kc8 25. Rfe1 b5 26. cxb6 Kb7 27. Bc7 Rae8 28. Bd5 Bd7 29. f3 a5 30. Kf2 Kc8 31. Rxe8+ Rxe8 32. Rc1 Kb7 33. b4 axb4 34. axb4 g6 35. b5 1-0